| 000 | 00616nam a2200241Ia 4500 | ||
|---|---|---|---|
| 003 | OSt | ||
| 005 | 20221005130034.0 | ||
| 006 | a|||||r|||| 00| 0 | ||
| 007 | ta | ||
| 008 | 221004b |||||||| |||| 00| 0 tam d | ||
| 024 | _a60189 | ||
| 037 | _cTextual | ||
| 040 |
_aCRL _cCRL _btam |
||
| 041 |
_2tam _atam |
||
| 082 | _aO31,1I80w, 33M3 | ||
| 100 |
_aRao G.Varadaraja Au. _9633340 |
||
| 245 | 0 | _aPurandara dasaru | |
| 260 | _c1983 | ||
| 650 | _a TAMIL POETRY | ||
| 650 | _aTAMIL LITERATURE | ||
| 942 |
_hO31,1I80w, 33M3 _cTEXL _2cc |
||
| 999 |
_c1055886 _d1055886 |
||